[Event "72nd ARM Championship. The Highest Leagu"]
[Site "Yerevan"]
[Date "2012.01.11"]
[Round "1.1"]
[White "Ter-Sahakyan, Samvel"]
[Black "Melkumyan, Hrant"]
[Result "1-0"]
[WhiteElo "2569"]
[BlackElo "2620"]
[PlyCount "133"]
[EventDate "2012.01.11"]
[EventRounds "11"]
[EventCountry "ARM"]

1. e4 e5 2. Nf3 Nc6 3. Bb5 Nf6 4. d3 Bc5 5. c3 O-O 6. Bg5 h6 7. Bh4 Be7 8. Nbd2
d6 9. Nf1 Kh8 10. Bg3 Nh5 11. Ne3 Bf6 12. h4 g6 13. Bh2 Bg7 14. g4 Nf4 15. Qd2
Ne7 16. O-O-O c6 17. Ba4 b5 18. Bc2 Be6 19. d4 Qa5 20. a3 c5 21. d5 Bd7 22. Kb1
Rab8 23. Bb3 Nc8 24. h5 g5 25. Nf5 Bxf5 26. gxf5 Nb6 27. Bg3 Nd7 28. Rc1 Rfc8
29. Nh2 Qb6 30. f3 a5 31. Bf2 Qa6 32. c4 Nb6 33. cxb5 Qxb5 34. Ba2 Na4 35. Rc2
c4 36. Ka1 Nd3 37. Rb1 Nxf2 38. Qxf2 c3 39. bxc3 Qd3 40. Rxb8 Rxb8 41. Qe2 Qxe2
42. Rxe2 Bf6 43. Ng4 Kg7 44. Rc2 Bd8 45. Bc4 f6 46. Ka2 Bc7 47. Ba6 Bd8 48. Be2
Bc7 49. Bd1 Nc5 50. Rb2 Rxb2+ 51. Kxb2 Nd3+ 52. Kb3 Bb6 53. Kc4 Nf4 54. Kb5 Bg1
55. Kc6 Bc5 56. Kd7 Bxa3 57. Ke7 Nxh5 58. Ba4 Nf4 59. Nxf6 h5 60. Be8 Bc1 61.
Nxh5+ Nxh5 62. Bxh5 g4 63. f6+ Kh8 64. f7 Bh6 65. fxg4 Kh7 66. f8=Q Bxf8+ 67.
Kxf8 1-0

[Event "72nd ARM Championship. The Highest Leagu"]
[Site "Yerevan"]
[Date "2012.01.11"]
[Round "1.1"]
[White "Hovhannisyan, Robert"]
[Black "Babujian, Levon"]
[Result "1-0"]
[WhiteElo "2589"]
[BlackElo "2474"]
[PlyCount "129"]
[EventDate "2012.01.11"]
[EventRounds "11"]
[EventCountry "ARM"]

1. e4 e5 2. Nf3 Nc6 3. Bb5 a6 4. Ba4 Nf6 5. O-O Be7 6. Re1 b5 7. Bb3 O-O 8. a4
b4 9. d4 d6 10. dxe5 Nxe5 11. Nxe5 dxe5 12. Qxd8 Rxd8 13. Nd2 Bc5 14. Nf3 Ng4
15. Be3 Bxe3 16. fxe3 Be6 17. Bxe6 fxe6 18. h3 Nf6 19. Rad1 Rd6 20. Nxe5 Rad8
21. Rd3 Nxe4 22. Rd4 Rxd4 23. exd4 Nf6 24. Nc6 Rd6 25. Nxb4 a5 26. Nd3 Rxd4 27.
Rxe6 Rxa4 28. Rc6 Ne8 29. Kf2 Kf7 30. Ke3 Ke7 31. Ne5 Ra1 32. Nc4 a4 33. Kd4
Rd1+ 34. Kc3 Re1 35. Rc5 Kd7 36. Re5 Rg1 37. Re2 Nf6 38. Kb4 Ra1 39. Na3 Ra2
40. c4 h5 41. Kxa4 h4 42. Kb5 g5 43. Rd2+ Kc8 44. Kc6 Ra1 45. Re2 Kd8 46. Rf2
Ne8 47. Rd2+ Kc8 48. Re2 Kd8 49. c5 Rf1 50. Nb5 Rf4 51. Kb7 Rb4 52. Rd2+ Ke7
53. Kc6 Rc4 54. b3 Rc1 55. b4 Rb1 56. Nc3 Rb3 57. Nd5+ Ke6 58. b5 Rb1 59. Re2+
Kf7 60. Re7+ Kf8 61. Re5 g4 62. hxg4 Rb2 63. Nxc7 Nxc7 64. Kxc7 Rxb5 65. Kd6
1-0

[Event "72nd ARM Championship. The Highest Leagu"]
[Site "Yerevan"]
[Date "2012.01.11"]
[Round "1.1"]
[White "Minasian, Artashes"]
[Black "Petrosian, Tigran L"]
[Result "1-0"]
[WhiteElo "2525"]
[BlackElo "2636"]
[PlyCount "117"]
[EventDate "2012.01.11"]
[EventRounds "11"]
[EventCountry "ARM"]

1. e4 e5 2. Nf3 Nc6 3. Bb5 Nf6 4. d3 Bc5 5. Bxc6 dxc6 6. Be3 Qe7 7. Nbd2 Bxe3
8. fxe3 Ng4 9. Qe2 f6 10. O-O-O Be6 11. Kb1 O-O-O 12. h3 Nh6 13. g4 Nf7 14. Nh4
g6 15. Qf2 c5 16. Rdf1 Rd6 17. b3 Bd7 18. Nc4 Ra6 19. a4 Rf8 20. Nf3 h6 21. Rh2
Be6 22. Nfd2 g5 23. Qe1 Nh8 24. Kb2 Ng6 25. Rhf2 Bg8 26. Na3 Kb8 27. Ndb1 Rd6
28. Nc3 c6 29. Ne2 Nh4 30. Qc3 b6 31. Ng3 a5 32. Nb1 Kb7 33. Nd2 Be6 34. Nh5
Bg8 35. Ng3 Be6 36. Nf3 Ng6 37. Nh5 Bg8 38. Qe1 Ka6 39. Nd2 b5 40. Nb1 bxa4 41.
Qc3 axb3 42. Nd2 bxc2 43. Kxc2 Rb8 44. Rxf6 Rb4 45. Rxd6 Qxd6 46. Rf6 Be6 47.
Rxg6 Bb3+ 48. Nxb3 Qxg6 49. Nxc5+ Ka7 50. Qxe5 Qf7 51. Qg7 Qxg7 52. Nxg7 Kb6
53. Nge6 a4 54. Kc3 Kb5 55. e5 Rb1 56. Nxa4 Kxa4 57. Ng7 Rb5 58. e6 Re5 59. Kd4
1-0

[Event "72nd ARM Championship. The Highest Leagu"]
[Site "Yerevan"]
[Date "2012.01.11"]
[Round "1.1"]
[White "Grigoryan, Karen H"]
[Black "Pashikian, Arman"]
[Result "1-0"]
[WhiteElo "2482"]
[BlackElo "2608"]
[PlyCount "141"]
[EventDate "2012.01.11"]
[EventRounds "11"]
[EventCountry "ARM"]

1. d4 Nf6 2. c4 e6 3. Nc3 Bb4 4. Qc2 d5 5. cxd5 exd5 6. Bg5 h6 7. Bh4 c5 8.
dxc5 g5 9. Bg3 Ne4 10. O-O-O Bxc3 11. f3 Bd2+ 12. Rxd2 Nxd2 13. Qxd2 Be6 14. h4
g4 15. Bd6 Nd7 16. e4 Rc8 17. exd5 Nxc5 18. Bb5+ Bd7 19. Qe2+ Ne6+ 20. Kb1 Bxb5
21. Qxb5+ Qd7 22. Qxd7+ Kxd7 23. Be5 Rhe8 24. dxe6+ Rxe6 25. Bc3 f5 26. h5 b5
27. a3 Rc5 28. fxg4 fxg4 29. Rh4 Rc4 30. Ka2 Ke8 31. Rh2 a5 32. g3 b4 33. axb4
axb4 34. Bd2 Rd4 35. Bf4 Rde4 36. Kb3 Kd7 37. Kc2 Re1 38. Rg2 Kc6 39. Bd2 R1e4
40. Kd1 Kb5 41. b3 Rf6 42. Ne2 Rf1+ 43. Kc2 Rh1 44. Kd3 Re8 45. Bxh6 Rxh5 46.
Nd4+ Kc5 47. Bf8+ Rxf8 48. Ne6+ Kd5 49. Nxf8 Rf5 50. Ng6 Rf3+ 51. Kc2 Rc3+ 52.
Kb2 Ke4 53. Nh4 Re3 54. Ka2 Re1 55. Rc2 Kd3 56. Rf2 Kc3 57. Nf5 Re5 58. Nh6
Ra5+ 59. Kb1 Rg5 60. Rf4 Kxb3 61. Nxg4 Ka4 62. Kc2 Ka3 63. Rf3+ Ka2 64. Nf2 Rg8
65. g4 Rc8+ 66. Kd2 b3 67. Nd3 Rc4 68. Rg3 Rc2+ 69. Ke3 Rc3 70. g5 Ka1 71. Rg2
1-0

[Event "72nd ARM Championship. The Highest Leagu"]
[Site "Yerevan"]
[Date "2012.01.12"]
[Round "2.1"]
[White "Petrosian, Tigran L"]
[Black "Grigoryan, Avetik"]
[Result "1-0"]
[WhiteElo "2636"]
[BlackElo "2621"]
[PlyCount "61"]
[EventDate "2012.01.11"]
[EventRounds "11"]
[EventCountry "ARM"]

1. b3 e5 2. Bb2 Nc6 3. e3 d6 4. Nf3 f5 5. d4 e4 6. d5 Nce7 7. Ng5 Nxd5 8. Bb5+
c6 9. Qxd5 Nh6 10. Ne6 Qd7 11. Nxf8 Rxf8 12. Qd4 cxb5 13. Qxg7 Ng4 14. h3 Qxg7
15. Bxg7 Rg8 16. hxg4 Rxg7 17. Nc3 b4 18. Nb5 fxg4 19. Nxd6+ Kf8 20. O-O-O a5
21. Rd4 b6 22. Rxe4 Bd7 23. Rf4+ Kg8 24. Ne4 Bc6 25. Nf6+ Kh8 26. Rxg4 Rf7 27.
Rh6 Raf8 28. Rf4 Bxg2 29. Nxh7 Kg7 30. Nxf8 Rxf4 31. Rg6+ 1-0

[Event "72nd ARM Championship. The Highest Leagu"]
[Site "Yerevan"]
[Date "2012.01.12"]
[Round "2.1"]
[White "Simonian, Hrair"]
[Black "Ter-Sahakyan, Samvel"]
[Result "1/2-1/2"]
[WhiteElo "2470"]
[BlackElo "2569"]
[PlyCount "98"]
[EventDate "2012.01.11"]
[EventRounds "11"]
[EventCountry "ARM"]

1. e4 c5 2. Nc3 d6 3. Nge2 Nf6 4. g3 e5 5. Bg2 h5 6. h4 Bg4 7. d3 Nc6 8. Bg5
Nd4 9. Qd2 Be7 10. Bxf6 Bxf6 11. Nxd4 cxd4 12. Nd5 Be6 13. Nxf6+ Qxf6 14. O-O
Rc8 15. f4 exf4 16. Rxf4 Qe5 17. Raf1 Qc5 18. R4f2 O-O 19. Kh2 Rc7 20. Bh3 Bxh3
21. Kxh3 Rfc8 22. Qd1 Qb5 23. Kh2 g6 24. b3 Qe5 25. Rg2 Rc3 26. Qf3 R8c7 27.
Rff2 b5 28. Kg1 Qe6 29. Qf4 Kg7 30. Re2 Qe5 31. Qf2 Qf6 32. Qe1 R7c6 33. Ref2
Qe6 34. Qd1 Ra6 35. g4 hxg4 36. Rxg4 Rxa2 37. Rgg2 Rc6 38. h5 Rc8 39. Rg3 Rh8
40. hxg6 fxg6 41. Qb1 Ra6 42. Qb2 Qe5 43. Rfg2 Rh6 44. Rg5 Qf4 45. Qxd4+ Kh7
46. Rxb5 Ra1+ 47. Qxa1 Qe3+ 48. Rf2 Qg3+ 49. Rg2 Qe3+ 1/2-1/2

[Event "72nd ARM Championship. The Highest Leagu"]
[Site "Yerevan"]
[Date "2012.01.13"]
[Round "3.1"]
[White "Minasian, Artashes"]
[Black "Melkumyan, Hrant"]
[Result "0-1"]
[WhiteElo "2525"]
[BlackElo "2620"]
[PlyCount "72"]
[EventDate "2012.01.11"]
[EventRounds "11"]
[EventCountry "ARM"]

1. e4 e5 2. Nf3 Nc6 3. Bb5 a6 4. Ba4 Nf6 5. d3 d6 6. c3 g6 7. d4 Bd7 8. O-O Bg7
9. Re1 O-O 10. Nbd2 Re8 11. d5 Ne7 12. Bxd7 Nxd7 13. Nc4 h6 14. b4 Rf8 15. a4
f5 16. Nfd2 Nf6 17. f3 h5 18. Nf1 f4 19. Na5 b6 20. Nb3 g5 21. c4 Qd7 22. Qd3
Ng6 23. a5 bxa5 24. Rxa5 Nh4 25. c5 g4 26. c6 Qf7 27. Nbd2 Qg6 28. Re2 Bh6 29.
Kh1 Kh8 30. Rxa6 Rxa6 31. Qxa6 gxf3 32. Nxf3 Nxf3 33. gxf3 Rg8 34. Qa7 Nxe4 35.
fxe4 f3 36. Rc2 f2 0-1

[Event "72nd ARM Championship. The Highest Leagu"]
[Site "Yerevan"]
[Date "2012.01.13"]
[Round "3.1"]
[White "Grigoryan, Avetik"]
[Black "Babujian, Levon"]
[Result "1/2-1/2"]
[WhiteElo "2621"]
[BlackElo "2474"]
[PlyCount "121"]
[EventDate "2012.01.11"]
[EventRounds "11"]
[EventCountry "ARM"]

1. d4 Nf6 2. c4 c5 3. d5 b5 4. cxb5 a6 5. bxa6 g6 6. Nc3 Bxa6 7. g3 Bg7 8. Bg2
d6 9. Nf3 O-O 10. O-O Nbd7 11. Rb1 Qa5 12. Bd2 Rfb8 13. a4 Ne8 14. Qc2 Rb7 15.
Rfe1 Qc7 16. b3 Rab8 17. Na2 Nb6 18. Ba5 Qc8 19. Bxb6 Rxb6 20. e4 Nf6 21. h3
Nd7 22. Nd2 Ne5 23. Re3 h5 24. f4 Ng4 25. hxg4 Bd4 26. Rbe1 Qxg4 27. Kh2 h4 28.
Bh3 hxg3+ 29. Kg2 Qxf4 30. Rf3 Qg5 31. Rxg3 Qf4 32. Rf3 Qg5+ 33. Rg3 Qf4 34.
Rf3 Qh4 35. Rg3 c4 36. b4 Be5 37. Ree3 Rxb4 38. Nxb4 Rxb4 39. Rc3 Bxg3 40. Rxg3
Qf6 41. Rc3 Qd4 42. Nf3 Qb6 43. Qf2 Rb2 44. Rc2 Rxc2 45. Qxc2 Qe3 46. Bd7 c3
47. Bb5 Bc8 48. Be2 Bd7 49. Qd3 Qc1 50. Bd1 f5 51. e5 Qb2+ 52. Kf1 dxe5 53. d6
e4 54. Qc4+ e6 55. Ne1 Qd2 56. Qc7 Qf4+ 57. Kg1 Qe3+ 58. Kf1 Qf4+ 59. Kg1 Qe3+
60. Kf1 Qf4+ 61. Kg1 1/2-1/2

[Event "72nd ARM Championship. The Highest Leagu"]
[Site "Yerevan"]
[Date "2012.01.13"]
[Round "3.1"]
[White "Pashikian, Arman"]
[Black "Andriasian, Zaven"]
[Result "1/2-1/2"]
[WhiteElo "2608"]
[BlackElo "2624"]
[PlyCount "96"]
[EventDate "2012.01.11"]
[EventRounds "11"]
[EventCountry "ARM"]

1. d4 d5 2. c4 c6 3. Nf3 Nf6 4. Nc3 dxc4 5. a4 Bf5 6. e3 e6 7. Bxc4 Bb4 8. O-O
O-O 9. Qe2 Nbd7 10. e4 Bg6 11. Bd3 Re8 12. e5 Bxd3 13. Qxd3 Nd5 14. Bd2 Be7 15.
Nxd5 exd5 16. Bc3 c5 17. Qf5 Nf8 18. dxc5 Bxc5 19. Rad1 Ne6 20. Qd3 d4 21. Qe4
Qe7 22. Bd2 Rad8 23. Rc1 Bb4 24. Rfd1 Bxd2 25. Rxd2 Qb4 26. Qc2 h6 27. Qd1 Rd5
28. b3 Red8 29. Rc4 Qe7 30. g3 d3 31. h4 a6 32. a5 Qd7 33. Qa1 Qb5 34. Qc3 Qxa5
35. Rxd3 Qxc3 36. Rdxc3 a5 37. Kf1 b5 38. Rc8 g5 39. hxg5 hxg5 40. R3c6 Kg7 41.
Rxd8 Rxd8 42. Ra6 Rd3 43. Kg2 Rxb3 44. Rxa5 Rb2 45. Ra8 b4 46. Rb8 b3 47. Rb6
Kf8 48. Kh3 Rxf2 1/2-1/2

[Event "72nd ARM Championship. The Highest Leagu"]
[Site "Yerevan"]
[Date "2012.01.14"]
[Round "4.1"]
[White "Babujian, Levon"]
[Black "Grigoryan, Karen H"]
[Result "1-0"]
[WhiteElo "2474"]
[BlackElo "2482"]
[PlyCount "145"]
[EventDate "2012.01.11"]
[EventRounds "11"]
[EventCountry "ARM"]

1. d4 Nf6 2. c4 g6 3. Nc3 Bg7 4. Nf3 O-O 5. e4 d6 6. h3 e5 7. d5 Nh5 8. g3 a5
9. Be2 Na6 10. Nh2 Nf6 11. Bg5 h6 12. Be3 Nc5 13. Bf3 Bd7 14. Qd2 Kh7 15. g4
Ng8 16. Nf1 Qh4 17. Qc2 c6 18. Ng3 Rac8 19. Rd1 cxd5 20. Nxd5 Be6 21. Bg2 Ne7
22. Nf5 gxf5 23. Nxe7 fxg4 24. Nxc8 Rxc8 25. hxg4 Qxg4 26. f3 Qg3+ 27. Qf2
Qxf2+ 28. Kxf2 Bxc4 29. Rxd6 Nd3+ 30. Kg3 Nf4 31. b3 Rg8 32. Rd2 Bf6+ 33. Kh2
Be6 34. Rc1 Rg5 35. Bxf4 exf4 36. Rc7 b5 37. Rb7 Rh5+ 38. Kg1 Rg5 39. Kf2 b4
40. Bf1 Rh5 41. Rd6 Kg6 42. Bc4 Bxc4 43. bxc4 Kg7 44. Rd5 Rh2+ 45. Kf1 Rxa2 46.
e5 Bh4 47. e6 Rf2+ 48. Kg1 Re2 49. exf7 Be7 50. Rf5 Bf8 51. Kf1 Ra2 52. Rxf4 h5
53. Rb5 Kg6 54. Rb8 Kg7 55. Rf5 a4 56. Rg5+ Kxf7 57. Rf5+ Ke7 58. Rxb4 Bg7 59.
Ra5 Bd4 60. c5 Rf2+ 61. Ke1 Bc3+ 62. Kxf2 Bxb4 63. Ra7+ Ke6 64. Ra6+ Ke7 65. c6
a3 66. Kg3 Be1+ 67. Kh3 Kd6 68. Rxa3 Kxc6 69. Re3 Bf2 70. Re2 Bd4 71. Kh4 Kd5
72. Kxh5 Be5 73. Kg5 1-0

[Event "72nd ARM Championship. The Highest Leagu"]
[Site "Yerevan"]
[Date "2012.01.14"]
[Round "4.1"]
[White "Melkumyan, Hrant"]
[Black "Grigoryan, Avetik"]
[Result "1/2-1/2"]
[WhiteElo "2620"]
[BlackElo "2621"]
[PlyCount "76"]
[EventDate "2012.01.11"]
[EventRounds "11"]
[EventCountry "ARM"]

1. d4 d5 2. c4 dxc4 3. Nf3 c6 4. e3 Be6 5. Nc3 b5 6. a4 b4 7. Na2 a5 8. Ng5 Bd5
9. e4 h6 10. exd5 hxg5 11. Bxc4 cxd5 12. Bb5+ Nd7 13. Bxg5 Ngf6 14. Nc1 Ne4 15.
Nd3 f6 16. Qg4 Nxg5 17. Nc5 Kf7 18. Bxd7 e5 19. Be6+ Nxe6 20. Qxe6+ Kg6 21. Nd3
Bd6 22. dxe5 Re8 23. Qg4+ Kf7 24. f4 fxe5 25. fxe5 Bxe5 26. O-O+ Kg8 27. Rf3
Ra6 28. Raf1 Rh6 29. h3 Qb6+ 30. Kh1 Qe6 31. Rf5 Bb8 32. Nf4 Bxf4 33. Qxf4 Rg6
34. Qd2 Rd8 35. R5f4 Rg5 36. Qd3 Qg6 37. Qxg6 Rxg6 38. Rd4 Rg5 1/2-1/2

[Event "72nd ARM Championship. The Highest Leagu"]
[Site "Yerevan"]
[Date "2012.01.14"]
[Round "4.1"]
[White "Ter-Sahakyan, Samvel"]
[Black "Hovhannisyan, Robert"]
[Result "0-1"]
[WhiteElo "2569"]
[BlackElo "2589"]
[PlyCount "190"]
[EventDate "2012.01.11"]
[EventRounds "11"]
[EventCountry "ARM"]

1. d4 d5 2. c4 c6 3. Nf3 Nf6 4. e3 Bg4 5. Qb3 Qb6 6. Nc3 e6 7. Nh4 Bh5 8. h3 g5
9. Nf3 h6 10. Ne5 Nfd7 11. Nd3 Bg6 12. Bd2 Na6 13. Qa4 Qd8 14. cxd5 exd5 15.
Be2 Bd6 16. O-O g4 17. hxg4 h5 18. g5 Bxd3 19. Bxd3 Nb4 20. Be2 Qxg5 21. f4 Qg6
22. a3 Rg8 23. Bf3 Na6 24. e4 Nb6 25. Qd1 dxe4 26. Nxe4 O-O-O 27. b4 Nc7 28.
Ng5 Nbd5 29. Bxh5 Qg7 30. Qe2 Bxf4 31. Qg4+ Kb8 32. Bxf4 Qxd4+ 33. Kh1 Nxf4 34.
Qxf4 Qxf4 35. Rxf4 Rxg5 36. Bxf7 Rd2 37. Rg1 Nb5 38. g4 Nxa3 39. Rg2 Rd1+ 40.
Kh2 Nb5 41. Kg3 Nd6 42. Bb3 Rd3+ 43. Kh4 Rxg4+ 44. Rgxg4 Rxb3 45. Rg7 a6 46.
Rd7 Nb5 47. Kg5 Na3 48. Rd2 Ka7 49. Kg6 Rg3+ 50. Kf7 Nb1 51. Rd7 Nc3 52. Kf8
Rg5 53. Rf3 Na2 54. Rd4 Rb5 55. Rff4 Nc3 56. Rh4 Kb6 57. Ke7 Re5+ 58. Kd7 Nd5
59. Rc4 Re7+ 60. Kd6 Rg7 61. Rc1 Rg3 62. Kd7 Rd3 63. Ke6 Nc7+ 64. Ke7 Rd5 65.
Rc2 Kb5 66. Rhc4 Rd3 67. Rc5+ Kxb4 68. R2c4+ Kb3 69. Rc1 Nb5 70. Ra1 Kb4 71.
Rcc1 Nc3 72. Rc2 Nd5+ 73. Ke6 Kb5 74. Rca2 Nb4 75. Ra5+ Kb6 76. Rh5 Rd2 77. Rh7
c5 78. Rg1 Kc6 79. Rgg7 b6 80. Rh8 Rd6+ 81. Ke5 Nd3+ 82. Ke4 Rd4+ 83. Kf5 Kb5
84. Rh6 Nb2 85. Rgg6 Nc4 86. Rg1 Nd6+ 87. Ke6 Kc6 88. Re1 a5 89. Ke7 Kc7 90.
Rh7 a4 91. Re6 b5 92. Rh5 Nb7 93. Ra6 Rd7+ 94. Ke6 Nd8+ 95. Kf6 Rd6+ 0-1

[Event "72nd ARM Championship. The Highest Leagu"]
[Site "Yerevan"]
[Date "2012.01.15"]
[Round "5.1"]
[White "Minasian, Artashes"]
[Black "Ter-Sahakyan, Samvel"]
[Result "1/2-1/2"]
[WhiteElo "2525"]
[BlackElo "2569"]
[PlyCount "81"]
[EventDate "2012.01.11"]
[EventRounds "11"]
[EventCountry "ARM"]

1. g3 d5 2. Bg2 e5 3. c3 Nf6 4. d4 e4 5. Bg5 Nc6 6. e3 h6 7. Bxf6 Qxf6 8. Ne2
Bg4 9. Nd2 O-O-O 10. h3 Bh5 11. Qa4 g5 12. b4 Kb8 13. g4 Bg6 14. b5 Ne7 15. c4
h5 16. Nc3 Qe6 17. Qd1 f5 18. gxf5 Bxf5 19. Qb3 dxc4 20. Qxc4 Nd5 21. Ncxe4 Bb4
22. Nxg5 Nxe3 23. Qxe6 Nxg2+ 24. Kf1 Bxe6 25. Nxe6 Rd6 26. Kxg2 Bxd2 27. Rad1
Rg8+ 28. Kf3 Rxe6 29. Rxd2 Rf6+ 30. Ke2 a6 31. bxa6 Rxa6 32. Rb1 Re6+ 33. Kf1
Re4 34. Rb5 h4 35. Re5 Rf4 36. Re3 Rd8 37. Red3 Rd5 38. Ke2 c6 39. Ke3 Rdf5 40.
d5 Rf3+ 41. Ke4 1/2-1/2

[Event "72nd ARM Championship. The Highest Leagu"]
[Site "Yerevan"]
[Date "2012.01.15"]
[Round "5.1"]
[White "Grigoryan, Avetik"]
[Black "Simonian, Hrair"]
[Result "1/2-1/2"]
[WhiteElo "2621"]
[BlackElo "2470"]
[PlyCount "86"]
[EventDate "2012.01.11"]
[EventRounds "11"]
[EventCountry "ARM"]

1. d4 d5 2. c4 c6 3. Nc3 Nf6 4. Nf3 a6 5. e3 b5 6. b3 g6 7. Bd3 Bg7 8. O-O Bg4
9. h3 Bxf3 10. Qxf3 O-O 11. Bb2 Ra7 12. Rad1 Rd7 13. Qe2 Qc7 14. c5 Re8 15. f4
e6 16. g4 Rde7 17. Qf3 Nfd7 18. Rd2 f5 19. Rg2 Nf6 20. Bc1 Nbd7 21. Bd2 Ne4 22.
Bxe4 dxe4 23. Qe2 Nf6 24. Be1 Rd7 25. Kh1 Nd5 26. Nxd5 Rxd5 27. b4 Kf7 28. a4
Qb7 29. Qa2 Ra8 30. Bh4 bxa4 31. Qxa4 Qb5 32. Ra1 Qxa4 33. Rxa4 Rd7 34. Rga2
Rda7 35. gxf5 gxf5 36. Kg1 Kg6 37. Kf1 Kh5 38. Be1 Bf6 39. Rg2 Rg7 40. Rxg7
Bxg7 41. Ra2 Bf6 42. Rg2 Rb8 43. Ra2 Ra8 1/2-1/2

[Event "72nd ARM Championship. The Highest Leagu"]
[Site "Yerevan"]
[Date "2012.01.15"]
[Round "5.1"]
[White "Andriasian, Zaven"]
[Black "Petrosian, Tigran L"]
[Result "1/2-1/2"]
[WhiteElo "2624"]
[BlackElo "2636"]
[PlyCount "48"]
[EventDate "2012.01.11"]
[EventRounds "11"]
[EventCountry "ARM"]

1. c4 e5 2. g3 Nf6 3. Bg2 c6 4. Nf3 e4 5. Nd4 d5 6. cxd5 Qxd5 7. Nc2 Qh5 8. h3
Qg6 9. Nc3 Bd6 10. Ne3 O-O 11. Qc2 Re8 12. b3 Na6 13. a3 Bd7 14. Bb2 b5 15. O-O
Rad8 16. Rfd1 Be5 17. b4 Bd4 18. Re1 Bb6 19. Rad1 Nc7 20. Kh2 Ncd5 21. Ncxd5
Nxd5 22. Rf1 f5 23. Nxd5 cxd5 24. d3 Qc6 1/2-1/2

[Event "72nd ARM Championship. The Highest Leagu"]
[Site "Yerevan"]
[Date "2012.01.16"]
[Round "6.1"]
[White "Babujian, Levon"]
[Black "Andriasian, Zaven"]
[Result "0-1"]
[WhiteElo "2474"]
[BlackElo "2624"]
[PlyCount "160"]
[EventDate "2012.01.11"]
[EventRounds "11"]
[EventCountry "ARM"]

1. d4 d5 2. c4 c6 3. Nc3 Nf6 4. Nf3 dxc4 5. a4 Bf5 6. Nh4 e6 7. Nxf5 exf5 8. e3
Bb4 9. Bxc4 O-O 10. O-O Nbd7 11. Qc2 g6 12. f3 Rc8 13. Rd1 Nb6 14. Ba2 Re8 15.
a5 Nbd5 16. a6 Nxe3 17. Bxe3 Rxe3 18. axb7 Rb8 19. d5 Bxc3 20. bxc3 cxd5 21. c4
Rxb7 22. cxd5 Rb6 23. Qc5 Re7 24. Rac1 Kg7 25. Bc4 Rc7 26. Qa3 Rd6 27. Rd4 Rcd7
28. Rcd1 Qb6 29. h3 h5 30. Kh1 Re7 31. Qa1 Kh7 32. Rb1 Qd8 33. Rb5 Rc7 34. Qa5
Qe7 35. Rb1 Rcd7 36. Qd2 Qf8 37. Ba2 Qh6 38. Qe1 Ng8 39. Rb8 Re7 40. Qc3 Qg7
41. Qb4 Qe5 42. Rd1 Nf6 43. Bb3 f4 44. Kh2 h4 45. Rc8 Rb6 46. Qc4 Ne8 47. Rc6
Nd6 48. Qc2 Reb7 49. Rd3 Qe1 50. Rxb6 axb6 51. Rd1 Qg3+ 52. Kg1 Re7 53. Qb2 Re3
54. Rf1 Qg5 55. Ba4 Nc4 56. Qc2 Qxd5 57. Bb3 b5 58. Rc1 Qd4 59. Kh2 Ne5 60. Rd1
Qb6 61. Bd5 b4 62. Qb2 Qc5 63. Qd4 Qxd4 64. Rxd4 Rd3 65. Rxf4 Rxd5 66. Rxh4+
Kg7 67. Rxb4 Rd2 68. Kg3 Nc6 69. Re4 Nd4 70. h4 Nf5+ 71. Kh3 Rd4 72. Kg4 Ne3+
73. Kg3 Rxe4 74. fxe4 Kf6 75. Kf3 Nc4 76. Kf4 Ne5 77. g4 g5+ 78. hxg5+ Ke6 79.
g6 fxg6 80. Kg5 Kf7 0-1

[Event "72nd ARM Championship. The Highest Leagu"]
[Site "Yerevan"]
[Date "2012.01.16"]
[Round "6.1"]
[White "Simonian, Hrair"]
[Black "Grigoryan, Karen H"]
[Result "0-1"]
[WhiteElo "2470"]
[BlackElo "2482"]
[PlyCount "70"]
[EventDate "2012.01.11"]
[EventRounds "11"]
[EventCountry "ARM"]

1. e4 c5 2. Nc3 g6 3. Nge2 Bg7 4. g3 Nc6 5. Bg2 Rb8 6. O-O b5 7. f4 d6 8. d3
Bd7 9. f5 Nf6 10. Nf4 Ne5 11. Ncd5 Nxd5 12. Nxd5 Bc6 13. Bg5 Bxd5 14. exd5 b4
15. Qe2 h6 16. Be3 g5 17. Be4 Nd7 18. Rab1 Nf6 19. a4 bxa3 20. bxa3 O-O 21. Bd2
Qd7 22. h4 gxh4 23. gxh4 Qa4 24. c4 Rxb1 25. Rxb1 Qxa3 26. Rb7 a5 27. Rxe7 Qa1+
28. Kh2 Qb2 29. Ra7 Nxe4 30. dxe4 Kh8 31. Qe3 a4 32. Rxa4 Rb8 33. f6 Qxf6 34.
Kh3 Qf1+ 35. Kg3 Rg8 0-1

[Event "72nd ARM Championship. The Highest Leagu"]
[Site "Yerevan"]
[Date "2012.01.16"]
[Round "6.1"]
[White "Ter-Sahakyan, Samvel"]
[Black "Grigoryan, Avetik"]
[Result "1/2-1/2"]
[WhiteElo "2569"]
[BlackElo "2621"]
[PlyCount "51"]
[EventDate "2012.01.11"]
[EventRounds "11"]
[EventCountry "ARM"]

1. e4 e5 2. Nf3 Nc6 3. Bc4 Bc5 4. c3 Nf6 5. d3 d6 6. Bb3 h6 7. O-O O-O 8. Nbd2
Re8 9. Re1 Be6 10. Ba4 Bd7 11. Nf1 Ne7 12. d4 Bxa4 13. Qxa4 exd4 14. cxd4 Bb6
15. Ng3 Ng6 16. Bd2 c6 17. Re2 Qd7 18. Rae1 Re6 19. Qb3 Rae8 20. a4 Qc7 21. h3
Ba5 22. Bxa5 Qxa5 23. Qxb7 Qxa4 24. b3 Qa3 25. Re3 Qa2 26. Qxc6 1/2-1/2

[Event "72nd ARM Championship. The Highest Leagu"]
[Site "Yerevan"]
[Date "2012.01.18"]
[Round "7.1"]
[White "Grigoryan, Avetik"]
[Black "Hovhannisyan, Robert"]
[Result "1/2-1/2"]
[WhiteElo "2621"]
[BlackElo "2589"]
[PlyCount "51"]
[EventDate "2012.01.11"]
[EventRounds "11"]
[EventCountry "ARM"]

1. e4 e5 2. Nf3 Nc6 3. Bb5 Nf6 4. d3 Bc5 5. c3 O-O 6. O-O d6 7. Nbd2 Bb6 8. Ba4
Ne7 9. Nc4 Ng6 10. Bc2 Be6 11. a3 h6 12. Nxb6 axb6 13. d4 Qe7 14. Re1 Rfe8 15.
h3 Nh7 16. Nh2 Rad8 17. Nf1 Qh4 18. Ng3 Nf4 19. Bxf4 Qxf4 20. Qc1 Qxc1 21.
Raxc1 Nf8 22. Rcd1 g6 23. Rd2 Kg7 24. Red1 f6 25. Nf1 g5 26. Ne3 1/2-1/2

[Event "72nd ARM Championship. The Highest Leagu"]
[Site "Yerevan"]
[Date "2012.01.18"]
[Round "7.1"]
[White "Grigoryan, Karen H"]
[Black "Ter-Sahakyan, Samvel"]
[Result "1/2-1/2"]
[WhiteElo "2482"]
[BlackElo "2569"]
[PlyCount "132"]
[EventDate "2012.01.11"]
[EventRounds "11"]
[EventCountry "ARM"]

1. d4 d5 2. c4 e6 3. Nc3 Bb4 4. e3 Nf6 5. Bd3 c5 6. Nge2 cxd4 7. exd4 dxc4 8.
Bxc4 O-O 9. O-O Nc6 10. Be3 Bd6 11. h3 b6 12. a3 Bb7 13. Bg5 h6 14. Bh4 Be7 15.
Qd3 Nh5 16. Bg3 Nxg3 17. fxg3 Qd6 18. Rad1 Rad8 19. Kh1 Qc7 20. Ba2 Ne5 21. Qb5
Qc6 22. d5 exd5 23. Qxc6 Nxc6 24. Bxd5 Bf6 25. b4 Rd7 26. Ne4 Bb2 27. b5 Na5
28. Bxb7 Rxb7 29. Nf4 Re7 30. Nd6 Bxa3 31. Nf5 Re5 32. Nh5 Rxb5 33. Nhxg7 Nc4
34. Rd7 Bb2 35. Nh5 Kh7 36. Rxa7 Nd2 37. Rf2 Bc3 38. Kh2 Rb1 39. h4 b5 40. Rc7
b4 41. Rc6 Rd8 42. Nxh6 Rf1 43. Rxf7+ Rxf7 44. Nxf7 Rb8 45. Nf4 b3 46. Nd3 b2
47. Nxb2 Bxb2 48. Ng5+ Kh8 49. Nf3 Ne4 50. g4 Ba3 51. Rc2 Rb1 52. g5 Rf1 53.
Ng1 Bd6+ 54. g3 Nxg3 55. Kg2 Rf8 56. Nf3 Kg7 57. Rc6 Ne4 58. h5 Rf4 59. Ra6
Rg4+ 60. Kf1 Ng3+ 61. Kg2 Nf5+ 62. Kf1 Rg3 63. Ke2 Rg2+ 64. Kd3 Rf2 65. Nd4
Nxd4 66. Rxd6 Nf5 1/2-1/2

[Event "72nd ARM Championship. The Highest Leagu"]
[Site "Yerevan"]
[Date "2012.01.18"]
[Round "7.1"]
[White "Pashikian, Arman"]
[Black "Simonian, Hrair"]
[Result "1-0"]
[WhiteElo "2608"]
[BlackElo "2470"]
[PlyCount "128"]
[EventDate "2012.01.11"]
[EventRounds "11"]
[EventCountry "ARM"]

1. d4 d5 2. c4 c6 3. Nc3 Nf6 4. Nf3 a6 5. e3 b5 6. b3 Bg4 7. Qc2 e6 8. Ne5 Bf5
9. Bd3 Bxd3 10. Nxd3 Nbd7 11. O-O Bd6 12. c5 Bb8 13. a4 bxa4 14. Rxa4 e5 15.
Nb4 Qc7 16. f4 exd4 17. exd4 O-O 18. Nxa6 Qb7 19. Nxb8 Rfxb8 20. f5 Rxa4 21.
bxa4 Qb4 22. Qd3 Ne4 23. Nxe4 dxe4 24. Qxe4 Nxc5 25. Qg4 h5 26. Qg3 Qxd4+ 27.
Be3 Qb4 28. a5 Ne4 29. Qc7 Nf6 30. Bb6 Ra8 31. Qxc6 Rxa5 32. Bxa5 Qxa5 33. h3
Qe5 34. Qf3 Qd4+ 35. Qf2 Qd3 36. Qf4 Qe2 37. Rf3 Qd1+ 38. Kh2 Qc2 39. Ra3 Qc6
40. Qb8+ Kh7 41. Ra8 Kh6 42. Qf4+ Kh7 43. Ra7 Qe8 44. Rb7 Nd5 45. Qd6 Ne3 46.
Qf4 Qc6 47. Rb2 Nd5 48. Qe5 Nf6 49. Rd2 Qc1 50. Rd8 Qg5 51. Rd4 Qc1 52. Ra4 Qc6
53. Ra7 Qc4 54. Rc7 Qa2 55. Rc8 Qf2 56. Rc4 Qd2 57. Qf4 Qe2 58. Rc8 Qe1 59. Rc2
Qb1 60. Rc1 Qb3 61. Rc8 Qd5 62. Rf8 Qd7 63. Qe5 Ng8 64. Qb8 Nf6 1-0